Human rights, judicial activism and state intervention in abolition of bonded labour system (Record no. 492300)

000 -LEADER
fixed length control field 00468cam a22001337a 4500
008 - FIXED-LENGTH DATA ELEMENTS--GENERAL INFORMATION
fixed length control field 180718b2000 xxu||||| |||| 00| 0 eng d
082 ## - DEWEY DECIMAL CLASSIFICATION NUMBER
Classification number PROJ.REP. 2000/TIW
100 ## - MAIN ENTRY--PERSONAL NAME
Personal name Tiwari, R.K.
245 ## - TITLE STATEMENT
Title Human rights, judicial activism and state intervention in abolition of bonded labour system
Statement of responsibility, etc. by R.K. Tiwari
260 ## - PUBLICATION, DISTRIBUTION, ETC.
Place of publication, distribution, etc. New Delhi
Name of publisher, distributor, etc. Indian Institute of Public Administration
Date of publication, distribution, etc. 2000
300 ## - PHYSICAL DESCRIPTION
Extent 193+p.
440 ## - SERIES STATEMENT/ADDED ENTRY--TITLE
Title IIPA Working Paper, 2000: 7
650 ## - SUBJECT ADDED ENTRY--TOPICAL TERM
Topical term or geographic name entry element Human rights
Holdings
Withdrawn status Lost status Damaged status Not for loan Permanent Location Current Location Date acquired Full call number Barcode Date last seen Price effective from Koha item type
        Indian Institute of Public Administration Indian Institute of Public Administration 2018-08-04 PROJ.REP. 2000/TIW GR16137 2018-08-04 2018-08-04 GR

Powered by Koha